Czeslaw Slania, master engraver, 1921-2005 (Record no. 2197)

000 -LEADER
fixed length control field 00386nam a22000977a 4500
008 - FIXED-LENGTH DATA ELEMENTS--GENERAL INFORMATION
fixed length control field 170116b xxu||||| |||| 00| 0 eng d
100 ## - MAIN ENTRY--AUTHOR'S NAME
Author's Name Campbell, John
245 ## - TITLE STATEMENT
Title Czeslaw Slania, master engraver, 1921-2005
260 ## - PUBLICATION, DISTRIBUTION, ETC. (IMPRINT)
Place of publication, distribution, etc. Haumoana, Hawkes Bay, N.Z.
Name of publisher, distributor, etc. Radway Press
Date of publication, distribution, etc. 2008
650 ## - TOPICAL TERM (Tag)
Topical term or geographic name Slania, Czeslaw, 1921-2005 | Poland -- Engravers | Poland -- Artists and Designers | Engraving | Designs | MLC
Holdings
Withdrawn status Lost status Source of classification or shelving scheme Damaged status Koha normalized classification for sorting Not for loan Collection code Permanent Location Current Location Date acquired Total Checkouts Full call number Barcode Date last seen Copy number Price effective from Koha item type Public note
        G3201 E58 C187     Northern Philatelic Library Northern Philatelic Library 01/16/2017   G3201 E58 C187 1002569 04/15/2017 1 01/16/2017 Books Limited edition of 200 numbered copies - copy #106

Powered by Koha